The dojima rice exchange : From rice trading to index futures trading in Edo-period Japan
The book explores the Dojima Rice Exchange in Osaka during Japan's Edo period (1603-1868), often regarded as the world's first futures trading market. It examines how this innovative market for rice certificates and index futures operated, its remarkable impact on the contemporary economy,...
Đã lưu trong:
| Tác giả chính: | |
|---|---|
| Tác giả khác: | |
| Định dạng: | Sách |
| Ngôn ngữ: | Vietnamese |
| Được phát hành: |
Tokyo
Japan publishing industry coundation for culture
2022
|
| Những chủ đề: | |
| Các nhãn: |
Thêm thẻ
Không có thẻ, Là người đầu tiên thẻ bản ghi này!
|
| Thư viện lưu trữ: | Thư viện Trường Đại học Nam Cần Thơ |
|---|
| LEADER | 01403nam a22002177a 4500 | ||
|---|---|---|---|
| 001 | NCT_4_026864 | ||
| 008 | 251009b xxu||||| |||| 00| 0 vie d | ||
| 999 | |c 9332 |d 9332 | ||
| 020 | |a 9784866582191 | ||
| 082 | 0 | 4 | |2 23rd ed. |a 332.644 |b T136 |
| 100 | 1 | |a Takatsuki, Yasuo | |
| 245 | 1 | 0 | |a The dojima rice exchange : |b From rice trading to index futures trading in Edo-period Japan |c Yasuo Takatsuki ; Louisa Rubinfien (Translator) |
| 260 | |a Tokyo |b Japan publishing industry coundation for culture |c 2022 | ||
| 300 | |a 231 p. |b ill. |c 22 cm | ||
| 504 | |a Includes bibliographical references and index | ||
| 520 | 3 | |a The book explores the Dojima Rice Exchange in Osaka during Japan's Edo period (1603-1868), often regarded as the world's first futures trading market. It examines how this innovative market for rice certificates and index futures operated, its remarkable impact on the contemporary economy, and the challenges it faced. Through the story of Dojima's development and regulation, the book reveals fundamental insights into the nature and continuity of market dynamics over time. | |
| 653 | |a Tài chính - Ngân hàng | ||
| 700 | 1 | |a Rubinfien, Louisa |e Translator | |
| 942 | |2 ddc |c BK | ||
| 952 | |0 0 |1 0 |2 ddc |4 0 |6 332_644000000000000_T136 |7 0 |9 31466 |a 000001 |b 000001 |d 2025-10-09 |o 332.644 T136 |p MD.24469 |r 2025-10-09 |v 0.00 |w 2025-10-09 |y BK | ||
| 980 | |a Thư viện Trường Đại học Nam Cần Thơ | ||


